000 00548nam a22001457a 4500
003 MACL
005 20200312165623.0
008 200312b xxu||||| |||| 00| 0 eng d
040 _cMACL
100 _aश्रीवास्‍वत,वत्‍सला दिव्‍य ऋषि
_978638
245 _aवस्‍तुनिष्‍ठ मध्‍यप्रदेश
260 _aइन्‍दौर
_bतक्षशिला पब्लिकेशन
_c2020
650 _aसा. अध्‍ययन
_973115
942 _2ddc
_cHIN
999 _c62398
_d62398